000
00250nam a2200109Ia 4500
008
190216s9999||||xx |||||||||||||| ||und||
100
_a
Alfilov
245
0
_a
Bhouthigavum Sangeethavum
260
_b
Bhasha Institute
650
_a
Physics
942
_c
BK
999
_c
39957
_d
39957